Ботаника с основами физиологии ... Н. С. № 33: Н.С. № 33 (Запись № 13623250)

Подробности
000 -МАРКЕР
контрольное поле 00895nam2a2200217 4500
001 - ИДЕНТИФИКАТОР ЗАПИСИ
контрольное поле rc\3042297
005 - ИДЕНТИФИКАТОР ВЕРСИИ
контрольное поле 20260315065630.0
035 ## - ДРУГИЕ СИСТЕМНЫЕ НОМЕРА
Идентификатор записи (NLR Aleph) 007182427
100 ## - ДАННЫЕ ОБЩЕЙ ОБРАБОТКИ
Данные общей обработки 20111002d1981 u y0rusy50 ca
101 0# - ЯЗЫК РЕСУРСА
Язык текста, звукозаписи и т.д. русский
102 ## - СТРАНА ПУБЛИКАЦИИ ИЛИ ПРОИЗВОДСТВА
Страна публикации Российская Федерация
105 ## - ПОЛЕ КОДИРОВАННЫХ ДАННЫХ: ТЕКСТОВЫЕ МАТЕРИАЛЫ, МОНОГРАФИЧЕСКИЕ
Кодированные данные о монографическом текстовом документе y z |||||
200 0# - ЗАГЛАВИЕ И СВЕДЕНИЯ ОБ ОТВЕТСТВЕННОСТИ
Основное заглавие Н.С. № 33
210 ## - ПУБЛИКАЦИЯ, РАСПРОСТРАНЕНИЕ И ДР.
Дата издания, распространения и т.д. 1981
461 #0 - УРОВЕНЬ НАБОРА
Встроенное поле 001rc\3042293
-- 2000#$aБотаника с основами физиологии ...$fакад. Б.А. Келлер$vН. С. № 33
-- 700#1$aКеллер$bБ.А.$gБорис Александрович$f1874-1945
Системный номер (АБИС) связанной записи 7455049
Автор Келлер, Б.А. (1874-1945)
Место публикации Москва
Дата публикации 1933
Первые сведения об ответственности акад. Б.А. Келлер
Имя издателя, распространителя и т.д. Сельколхозгиз
Заглавие Ботаника с основами физиологии ...
Номер тома Н. С. № 33
801 #0 - ИСТОЧНИК ЗАПИСИ
Страна Российская Федерация
Организация NLR
Правила каталогизации psbo
801 #1 - ИСТОЧНИК ЗАПИСИ
Страна Российская Федерация
Организация ELAR
Источник данных rusmarc
852 ## - МЕСТОНАХОЖДЕНИЕ И ШИФР ХРАНЕНИЯ
Идентификатор организации NLR
Шифр хранения (Call Number) Пр50 В-4/2
942 ## - ДОПОЛНИТЕЛЬНЫЕ ЭЛЕМЕНТЫ ЗАПИСИ (АБИС)
Тип экземпляра АБИС Неопределено
980 ## - КОЛЛЕКЦИЯ
Название коллекции Национальная библиография

Нет доступных экземпляров.